| 000 | 00897nam a22001937a 4500 | ||
|---|---|---|---|
| 999 |
_c1416 _d1416 |
||
| 005 | 20251125232737.0 | ||
| 008 | s2504 th tha d | ||
| 040 | _aNALT | ||
| 041 | _atha | ||
| 050 | _aDS582.5 พ5ด6 | ||
| 100 | 0 | _aดำรงราชานุภาพ, สมเด็จพระเจ้าบรมวงศ์เธอ กรมพระยา | |
| 245 | 1 | 0 | _aพระราชพงศาวดารกรุงรัตนโกสินทร์ รัชกาลที่ 5 |
| 260 | 3 |
_aกรุงเทพฯ : _bองค์การค้าคุรุสภา, _c2504 |
|
| 300 | _a379 หน้า | ||
| 650 | 0 | 4 | _aไทย -- ประวัติศาสตร์ -- กรุงรัตนโกสินทร์ -- รัชกาลที่ 5 |
| 850 | _aNALT | ||
| 856 | 4 | 0 |
_uhttps://hdl.handle.net/20.500.14156/371949 _71 |
| 942 |
_cGB _2lcc |
||